• 首页
  • 本馆介绍
  • 公告通知
  • 最新文献
  • 馆藏检索
  • 电子资源
  • 读者导购
  • 参考咨询
  • 我的图书馆
  • 登录
  • 详细信息显示
  • 放入我的书架
  • 预约/预借图书
  • 作者相关作品
  • 分类相关作品
  • 丛书相关作品
  • 出版社相关作品

书目信息

  • 表格格式
  • 工作单格式
  • 卡片格式
题名:
果蔬雕刻图说
    
 
作者: 范强 , 许晔 主编
分册:  
出版信息: 上海   上海科学普及出版社  2005
页数: 86页
开本: 21cm
丛书名:
单 册:
中图分类: TS972.114
科图分类:
主题词: 水果--装饰雕塑--图解 , 装饰雕塑 , 蔬菜--装饰雕塑--图解
电子资源:
ISBN: 7-5427-2782-6
000 01227nam0 2200277 45
001 0900000033650
005 20051206092725.92
010    @a7-5427-2782-6@dCNY18.00
092    @aCN
100    @a20050518d2005 ekmy0chiy0120 ea
101 0  @achi
102    @aCN@b310000
105    @aa z 000yy
200 1  @a果蔬雕刻图说@9guo shu diao ke tu shuo@f范强,许晔主编@Ffan qiang,xu ye zhu bian
210    @a上海@c上海科学普及出版社@d2005
215    @a86页@d21cm
314    @a范强,1974年出生,毕业于上海师范大学公共事业管理专业,上海市徐汇区摄影协会会员,高级烹调师,上海市烹饪协会会员。1993年赴日本参加烹饪比赛,获得最高奖——创意奖。1996年随上海第一批援藏干部,赴西藏拉孜县援藏。2000年被评为上海市徐家汇区“新长征突击手”和“岗位能手”称号。2002年被聘为上海市教委技能教练,辅导学生制作的“锦秀八方”在“全国职校生技能比武”中被评为一等奖。2002年赴法国里昂酒店管理学院学习酒店管理和烹饪流程。编写出版的书籍有《主题果蔬雕刻》、《主题水果切雕》。
606 0  @a水果@x装饰雕塑@j图解
606 0  @a装饰雕塑
606 0  @a蔬菜@x装饰雕塑@j图解
690    @aTS972.114@v4
701  0 @a范强@Afan qiang@4主编
701  0 @a许晔@Axu ye@4主编
801  0 @aCN@bCXYBOOK@c20051206
905    @a10447@dTS972.114@e119
999    @aWJ@eJDD
    
    果蔬雕刻图说/范强,许晔主编.-上海:上海科学普及出版社,2005
    86页;21cm
    
    
    ISBN 7-5427-2782-6:CNY18.00
    
●
相关链接 在E读中查询图书 在五车中查询图书 在当当中查询图书 在豆瓣中查询图书


正题名:果蔬雕刻图说     索取号:TS972.114/119         预约/预借

序号 登录号 条形码 馆藏地/架位号 状态 备注
1 0370346   203703466   第二样本阅览室/ [索取号:TS972.114/119] 在馆    
2 0370347   203703475   第三借阅区/ [索取号:TS972.114/119] 在馆    
3 0370348   203703484   第三借阅区/ [索取号:TS972.114/119] 在馆    
4 0370349   203703493   第三借阅区/ [索取号:TS972.114/119] 在馆    
唐山师范学院图书馆 欢迎您!
大连网信软件有限公司© 版权所有